00694nam a2200205Ia 4500003000900000008004100009020001600050040001600066080002200082100002200104245012400126260004700250300001600297650002800313650001700341650001000358942000700368999001500375952009800390IN-BaIIA211028s9999 xx 000 0 eng d a8165-0428-8 cIIA Library a082.2:52bIAU-C23 aGehrels, T910110 0aPlanets, stars and nebulaebstudied with photopolarimetrycT. Gehrels  aArizonabUniversity of Arizona Pressc1974 axvi, 1133p. aPhotopolarimetry910111 aPlanets9971 astars cBK c5836d5836 00104070aBANbBANcGENd1978-06-14l0o082.2:52/ IAU-C23p6528r2021-11-05w1978-06-14yBK